[Event "Challenge"]
[Site "http://www.queenalice.com/game.php?id=959842"]
[Date "2011.7.13"]
[Round "-"]
[White "carloscolangelo"]
[Black "adrack"]
[Result "1-0"]
[WhiteElo "1456"]
[BlackElo "1032"]

1. e4 e5 2. Nf3 d6 3. Bc4 Nf6 4. Ng5 h6 5. Nxf7 Qd7 6. Nxh8 Qc6 7. Bf7+ Ke7 8.
Bg8 Qxe4+ 9. Qe2 Qxg2 10. Rf1 Nxg8 11. Ng6+ Qxg6 12. d4 Bg4 13. f3 Bh3 14. Rf2
Kd8 15. dxe5 dxe5 16. Qxe5 Nd7 17. Qd4 c5 18. Qd5 Nf6 19. Qxb7 Rb8 20. Qxa7 Nd5
21. Rd2 Qf7 22. c4 Ne3 23. Qxb8+ Ke7 24. Qb7 Kf6 25. Rxd7 Bxd7 26. Qb6+ Be6 27.
Bxe3 Qg6 28. Nc3 Qd3 29. Rd1 Qxe3+ 30. Ne2 Kf5 31. Rd8 Be7 32. Re8 Bh4+ 33. Kd1
Qd3+ 34. Kc1 Bxc4 35. Qxc5+ Kg6 36. Qc6+ Kf7 37. Re5 Bxa2 38. Qc7+ Kg6 39. Nf4+
Kf6 40. Nxd3 Bg5+ 41. Kc2 Be6 42. Qd6 Bf4 43. Qxe6# 1-0

[Event "Challenge"]
[Site "http://www.queenalice.com/game.php?id=961552"]
[Date "2011.7.18"]
[Round "-"]
[White "adrack"]
[Black "El_Furo"]
[Result "0-1"]
[WhiteElo "1056"]
[BlackElo "1113"]

1. e4 e5 2. Nf3 Nc6 3. d3 g6 4. a4 b6 5. Bg5 Nf6 6. Bxf6 Qxf6 7. a5 Qd6 8. axb6
Qb4+ 9. c3 Qxb2 10. Na3 Bxa3 11. Qb1 Qxc3+ 12. Kd1 cxb6 13. Ke2 Ba6 14. Ne1 O-O
15. Kf3 Nd4+ 16. Kg3 b5 17. Nf3 b4 18. h4 b3 19. Nxe5 Nc2 20. Nxd7 Nxa1 21. Qd1
Rfd8 22. Nf6+ Qxf6 23. Be2 Bd6+ 24. Kh3 Qxf2 25. Rf1 Qg3# 0-1

[Event "Challenge"]
[Site "http://www.queenalice.com/game.php?id=962271"]
[Date "2011.7.19"]
[Round "-"]
[White "carloscolangelo"]
[Black "adrack"]
[Result "1-0"]
[WhiteElo "1452"]
[BlackElo "1071"]

1. e4 e5 2. Nf3 Qe7 3. Bc4 Nf6 4. Nc3 Qc5 5. b3 Nc6 6. Ng5 h6 7. Nxf7 Rh7 8. d3
g5 9. a3 Rxf7 10. b4 Qd6 11. Nb5 Qe7 12. Nxc7+ Kd8 13. Nxa8 b6 14. Bxf7 Qxf7 15.
O-O Bb7 16. b5 Ne7 17. Nxb6 axb6 18. Bb2 Qh5 19. Bxe5 Qf7 20. Qf3 Neg8 21. Rab1
g4 22. Qe3 Qa2 23. Qxb6+ Ke7 24. Qxb7 Ke6 25. Bxf6 Kxf6 26. Qxd7 Qxc2 27. Qd8+
Kf7 28. e5 Qxd3 29. Qxd3 Ke6 30. Qg6+ Kxe5 31. Qxg8 Ke4 32. Qxf8 Kd3 33. Qc8 Kd2
34. Rfe1 Kd3 35. Rbd1# 1-0

[Event "Challenge"]
[Site "http://www.queenalice.com/game.php?id=963572"]
[Date "2011.7.22"]
[Round "-"]
[White "carloscolangelo"]
[Black "adrack"]
[Result "1-0"]
[WhiteElo "1421"]
[BlackElo "1013"]

1. e4 e5 2. Nf3 Nc6 3. Bc4 Nf6 4. Ng5 Qe7 5. Nxf7 Rg8 6. Nd6+ cxd6 7. Bxg8 Nxg8
8. Qh5+ g6 9. Qh3 Nb4 10. Na3 Nf6 11. d3 b6 12. c3 Nc6 13. Nb5 Qe6 14. Nc7+ Ke7
15. Nxe6 dxe6 16. Qxh7+ Nxh7 17. O-O d5 18. c4 dxe4 19. dxe4 Ba6 20. b3 Nb4 21.
a3 Nc2 22. Ra2 Nd4 23. b4 Bxc4 24. Rd1 Bxa2 25. Bb2 Bb3 26. Rd3 Ne2+ 27. Kf1 Rd8
28. Rxb3 Nf4 29. Bxe5 Nd5 30. exd5 exd5 31. Re3 Bh6 32. Re2 Rc8 33. Bg7+ Kd7 34.
Bxh6 g5 35. Re5 Rc1+ 36. Ke2 Nf6 37. Bxg5 Ne4 38. Rxd5+ Ke6 39. Rd4 Nc3+ 40. Kd3
Rd1+ 41. Kxc3 Rxd4 42. Kxd4 Kf5 43. Be3 Ke6 44. h4 Kf5 45. g3 Kg6 46. Ke4 Kh5
47. Kf3 Kg6 48. Kg4 b5 49. h5+ Kf6 50. Bd4+ Ke6 51. h6 Kd5 52. Ba1 Kc4 53. h7
Kb3 54. h8=Q Kxa3 55. Qb2+ Ka4 56. Qc3 a5 57. Qc1 axb4 58. Qc2+ b3 59. Qe4+ Ka3
60. Qd4 Ka2 61. Qb2# 1-0

[Event "Challenge"]
[Site "http://www.queenalice.com/game.php?id=968485"]
[Date "2011.8.3"]
[Round "-"]
[White "carloscolangelo"]
[Black "adrack"]
[Result "1-0"]
[WhiteElo "1437"]
[BlackElo "1065"]

1. e4 e5 2. Nf3 f6 3. Bc4 Nh6 4. c3 Ng4 5. d4 Nc6 6. dxe5 Ncxe5 7. b3 Bc5 8. O-O
Bxf2+ 9. Rxf2 Nxf2 10. Kxf2 Nxf3 11. gxf3 c6 12. Be3 d5 13. exd5 cxd5 14. Bxd5
Be6 15. c4 b5 16. Qe1 Bxd5 17. cxd5 Qxd5 18. Nc3 Qd7 19. Rd1 Qf5 20. Rd5 Qc2+
21. Bd2+ Kf7 22. Rd7+ Kg6 23. Qg1+ Kf5 24. Qg4+ Ke5 25. Rd5# 1-0

[Event "Challenge"]
[Site "http://www.queenalice.com/game.php?id=973640"]
[Date "2011.8.17"]
[Round "-"]
[White "carloscolangelo"]
[Black "adrack"]
[Result "0-1"]
[WhiteElo "1491"]
[BlackElo "1064"]

1. e4 e5 2. Nf3 f6 3. Bc4 Ne7 4. c3 c6 5. d4 d5 6. Bd3 dxe4 7. Bxe4 Bf5 8. Nbd2
Bg4 9. O-O Bxf3 10. Nxf3 f5 11. Bc2 e4 12. Ne5 Nd5 13. Bb3 Qd6 14. c4 Ne7 15. c5
Qf6 16. Nf7 Rg8 17. Nd6+ Kd7 18. Bxg8 Nxg8 19. Nxb7 Na6 20. Bf4 Ke8 21. Be5 Qe7
22. Bd6 Qxb7 23. Qh5+ g6 24. Qxh7 Qxh7 25. Be5 Bg7 26. Bf4 Rd8 27. Rad1 Bxd4 28.
b4 Nxb4 29. Rd2 Bxc5 30. Rfd1 Rxd2 31. Rxd2 Qh4 32. g3 Qg4 33. Bc7 Qf3 34. Rd8+
Ke7 35. Rd2 Nd5 36. Bb8 e3 37. Rc2 exf2+ 38. Kf1 Qd1+ 39. Kg2 Qxc2 40. g4 fxg4
41. Bd6+ Kxd6 42. h3 gxh3+ 43. Kxh3 f1=Q+ 44. Kg3 Qcg2+ 45. Kh4 Qfh1# 0-1

[Event "Challenge"]
[Site "http://www.queenalice.com/game.php?id=975783"]
[Date "2011.8.22"]
[Round "-"]
[White "carloscolangelo"]
[Black "adrack"]
[Result "1-0"]
[WhiteElo "1519"]
[BlackElo "1064"]

1. e4 e5 2. Nf3 f6 3. Bc4 Nh6 4. d3 Bc5 5. Bxh6 gxh6 6. Nfd2 Rf8 7. Qh5+ Ke7 8.
Qxh6 f5 9. exf5 Rxf5 10. Qxh7+ Kd6 11. Qxf5 Kc6 12. Qxe5 d5 13. Bb3 Qd6 14. Nf3
Nd7 15. Qxd6+ cxd6 16. O-O Ne5 17. Nxe5+ dxe5 18. Nc3 d4 19. Nd5 Be6 20. Nb4+
Bxb4 21. Bxe6 Re8 22. Bc4 Rf8 23. a3 Bd2 24. Rad1 Bf4 25. g3 Bh6 26. Rfe1 Bg7
27. Re4 a6 28. Rg4 Bf6 29. Rg6 b5 30. Bb3 a5 31. Re1 a4 32. Ba2 Rf7 33. Rxe5 Kd6
34. Rd5+ Ke6 35. Rxb5+ Ke7 36. Bxf7 Kxf7 37. Rxf6+ Kxf6 38. Rb4 Ke5 39. Rxa4 Kd5
40. Rc4 Ke5 41. Kf1 Kd5 42. b4 Kd6 43. b5 Kd5 44. b6 Ke5 45. b7 Kd5 46. b8=Q Ke6
47. Qb5 Kf6 48. Rc6+ Ke7 49. Qb7+ Kd8 50. Rc8# 1-0

[Event "Challenge"]
[Site "http://www.queenalice.com/game.php?id=988988"]
[Date "2011.9.23"]
[Round "-"]
[White "carloscolangelo"]
[Black "adrack"]
[Result "1-0"]
[WhiteElo "1514"]
[BlackElo "1064"]

1. e4 e5 2. Nf3 f6 3. Bc4 d6 4. O-O Ne7 5. d3 h5 6. Be3 f5 7. Ng5 fxe4 8. Nf7
Qd7 9. Nxh8 d5 10. Bb3 g6 11. c4 d4 12. Bg5 Qf5 13. Bxe7 Kxe7 14. c5 Be6 15. Na3
Bg7 16. Bxe6 Qxe6 17. Qb3 Qf6 18. Qxb7 Qc6 19. Qc8 Na6 20. Qh3 Nxc5 21. Qg3 Nxd3
22. Nxg6+ Kd7 23. Nh4 Rf8 24. Qxg7+ Ke8 25. Qg6+ Qxg6 26. Nxg6 Rg8 27. Nh4 Nf4
28. g3 Nh3+ 29. Kg2 Ng5 30. Nc4 Nf3 31. Nxf3 exf3+ 32. Kxf3 Rg4 33. Nxe5 Rg5 34.
Kf4 Rg7 35. Rae1 Ke7 36. Nc6+ Kd7 37. Nxa7 Rf7+ 38. Ke4 Re7+ 39. Kxd4 Rxe1 40.
Rxe1 Kd6 41. f4 c6 42. f5 c5+ 43. Kc4 Kc7 44. Nb5+ Kb6 45. f6 Ka5 46. a3 Ka4 47.
f7 Ka5 48. f8=Q Kb6 49. Re5 Kc6 50. Qf6+ Kb7 51. Re7+ Kb8 52. Qf8# 1-0

[Event "Challenge"]
[Site "http://www.queenalice.com/game.php?id=999409"]
[Date "2011.10.20"]
[Round "-"]
[White "edemarc"]
[Black "adrack"]
[Result "1-0"]
[WhiteElo "1537"]
[BlackElo "1062"]

1. e4 e5 2. Nf3 Nc6 3. Nc3 Nf6 4. d4 exd4 5. Nxd4 Nxd4 6. Qxd4 c5 7. Qe5+ Qe7 8.
Qf4 h6 9. Be2 g5 10. Qe3 a5 11. e5 Ng8 12. Nb5 Kd8 13. O-O Ra6 14. Rd1 Re6 15.
Rd5 b6 16. b3 Bb7 17. c4 Bxd5 18. cxd5 Rxe5 19. Qg3 Nf6 20. Nc3 Ne4 21. Nxe4
Rxe4 22. Qb8# 1-0

[Event "Challenge"]
[Site "http://www.queenalice.com/game.php?id=1002156"]
[Date "2011.10.27"]
[Round "-"]
[White "edemarc"]
[Black "adrack"]
[Result "1-0"]
[WhiteElo "1526"]
[BlackElo "1060"]

1. e4 e5 2. Nf3 d6 3. Bb5+ c6 4. Bd3 Nf6 5. Nc3 d5 6. O-O Bc5 7. Nxe5 O-O 8. Re1
Ng4 9. Nxg4 Bxg4 10. Qxg4 dxe4 11. Nxe4 Nd7 12. Nxc5 Nxc5 13. Bc4 Re8 14. Re3
Rxe3 15. dxe3 Qd7 16. Qf3 Rd8 17. g3 Ne6 18. Kg2 Ng5 19. Qh5 h6 20. b3 Qf5 21.
Bd3 Qf6 22. Bb2 Qxb2 23. Re1 Qc3 24. Rd1 Qf6 25. f4 Ne4 26. g4 Nc3 27. Rd2 Ne4
28. Re2 Nc3 29. Rf2 Nxa2 30. g5 Qe6 31. Rf3 Nb4 32. f5 Qe5 33. gxh6 gxh6 34.
Rg3+ Kf8 35. Qxh6+ Ke7 36. Qg5+ Kd7 37. Bc4 Nxc2 38. Kh3 Qh8+ 39. Kg2 Ne1+ 40.
Kf1 Qa1 41. Kf2 Kc7 42. e4 b5 43. Bxf7 Nd3+ 44. Kg2 Ne1+ 45. Kh3 Rh8+ 46. Bh5
Qd1 47. Qg7+ Kc8 48. Qxh8+ Kb7 49. Bxd1 Nf3 50. Bxf3 a6 51. e5 a5 52. Rg7+ Kb6
53. Qb8+ Ka6 54. Qa7# 1-0

[Event "AUTO-BEG-516"]
[Site "http://www.queenalice.com/game.php?id=1007412"]
[Date "2011.11.11"]
[Round "1"]
[White "Severynnas"]
[Black "adrack"]
[Result "0-1"]
[WhiteElo "1398"]
[BlackElo "1115"]

1. d3 e5 2. Nf3 Nc6 3. Nc3 d6 4. e4 Nf6 5. Be2 Ng4 6. O-O Nd4 7. Nd5 Be7 8. c3
Nxf3+ 9. gxf3 Nf6 10. c4 Be6 11. Nc3 Bh3 12. Re1 g5 13. Nb5 c6 14. Nc3 h5 15.
Bxg5 Rg8 16. d4 Rxg5+ 17. Kh1 exd4 18. Qxd4 c5 19. Qd3 Qd7 20. Nb5 O-O-O 21.
Nxa7+ Kb8 22. Nb5 Bg2+ 23. Kg1 Bh3+ 24. Kh1 Rg2 25. Rg1 Rxf2 26. Rg5 Rg8 27.
Rxg8+ Nxg8 28. Rg1 Nf6 29. Rg8+ Nxg8 30. Bd1 Qe6 31. Be2 f5 32. Bd1 fxe4 33. Qa3
Rf1# 0-1

[Event "AUTO-BEG-516"]
[Site "http://www.queenalice.com/game.php?id=1007413"]
[Date "2011.11.11"]
[Round "1"]
[White "adrack"]
[Black "Severynnas"]
[Result "1-0"]
[WhiteElo "1087"]
[BlackElo "1387"]

1. d4 Nf6 2. Nc3 Nc6 3. d5 Ne5 4. e4 d6 5. Bb5+ Bd7 6. Qd2 Bxb5 7. Nxb5 Qd7 8.
Qa5 b6 9. Qa6 Nxe4 10. Qb7 e6 11. Qxa8+ Ke7 12. dxe6 fxe6 13. Qxe4 d5 14. Qxe5
Rg8 15. Nxc7 g6 16. Bg5+ Kf7 17. Qf6# 1-0